| 000 | 00397nam a2200145Ia 4500 | ||
|---|---|---|---|
| 005 | 20251222141949.0 | ||
| 008 | 251222s9999||||xx |||||||||||||| ||spa|| | ||
| 020 | _a8495182130 | ||
| 082 | _aREF.610/C76 | ||
| 100 | _aConejero Sugrañes, J. | ||
| 245 | 0 | _aDiccionario de Términos y Conceptos de la Micción y sus Alteraciones | |
| 250 | _a1ra. ed. | ||
| 264 | _bEdiciones Médicas | ||
| 942 | _cLIB | ||
| 999 |
_c9626 _d9626 |
||